[Event "XVIII Festival A"]
[Site "Campobasso ITA"]
[Date "2011.07.22"]
[Round "1"]
[White "Bove, Raffaele"]
[Black "Seletsky, Grigory"]
[Result "0-1"]
[WhiteElo "1905"]
[BlackElo "2296"]
[PlyCount "72"]
[EventDate "2011.07.22"]

1. b3 d5 2. Bb2 Nf6 3. e3 c5 4. Nf3 Bg4 5. Be2 Nc6 6. d4 e6 7. Nbd2 Be7 8. O-O
O-O 9. Ne5 Bxe2 10. Qxe2 Rc8 11. c4 cxd4 12. Nxc6 Rxc6 13. Bxd4 Qa5 14. b4 Bxb4
15. Nb3 Qd8 16. cxd5 Nxd5 17. Qb5 Qe7 18. e4 a6 19. Qe2 Nf4 20. Qf3 e5 21. Bb2
Bc3 22. Rab1 Rfc8 23. Bc1 Ne6 24. Qg4 b5 25. Kh1 Nd4 26. Rd1 Qe6 27. Qh4 f6 28.
Be3 Nc2 29. Bc1 a5 30. Bd2 Na3 31. Rbc1 Bxd2 32. Rxc6 Qxc6 33. Nxd2 Rd8 34. Qg4
Qd6 35. Qf3 Qd3 36. Qg4 Nc4 0-1

[Event "XVIII Festival A"]
[Site "Campobasso ITA"]
[Date "2011.07.22"]
[Round "1"]
[White "Cangiano, Federico"]
[Black "Voiteanu, Gabriel"]
[Result "0-1"]
[WhiteElo "1957"]
[BlackElo "2313"]
[PlyCount "50"]
[EventDate "2011.07.22"]

1. d4 Nf6 2. Nf3 g6 3. Nbd2 d5 4. e3 Bg7 5. Bd3 Bf5 6. Ne5 Nbd7 7. Bxf5 gxf5 8.
Nxd7 Qxd7 9. b3 c5 10. Bb2 Ne4 11. Nf3 O-O 12. O-O Rac8 13. Ne5 Qc7 14. Rc1 Qa5
15. a4 cxd4 16. Bxd4 Qc7 17. f4 a6 18. c4 Qd6 19. Nf3 dxc4 20. Bxg7 Kxg7 21.
Nd4 e6 22. bxc4 Qb4 23. Rb1 Qxc4 24. Rxb7 Qd5 25. Qh5 Qxb7 0-1

[Event "XVIII Festival A"]
[Site "Campobasso ITA"]
[Date "2011.07.22"]
[Round "1"]
[White "Capozzi, Virgilio"]
[Black "Meijers, Viesturs"]
[Result "0-1"]
[WhiteElo "2029"]
[BlackElo "2492"]
[PlyCount "74"]
[EventDate "2011.07.22"]

1. d4 Nf6 2. c4 e6 3. Nf3 d5 4. g3 dxc4 5. Bg2 Nc6 6. O-O Rb8 7. a4 a6 8. a5 b5
9. axb6 cxb6 10. Bf4 Bd6 11. Ne5 Ne7 12. Nc6 Nxc6 13. Bxc6+ Ke7 14. Bg5 h6 15.
Bxf6+ gxf6 16. Nc3 b5 17. e3 h5 18. Qf3 Bb4 19. Ne4 f5 20. Ng5 h4 21. Kg2 Qg8
22. Nh3 hxg3 23. hxg3 Qg4 24. Rh1 Qxf3+ 25. Bxf3 a5 26. d5 a4 27. dxe6 fxe6 28.
Nf4 Rxh1 29. Rxh1 a3 30. bxa3 Bxa3 31. e4 fxe4 32. Bxe4 b4 33. Kf3 b3 34. Ne2
Bb2 35. Ke3 Bf6 36. Kd2 Ba6 37. Nc3 Rd8+ 0-1

[Event "XVIII Festival A"]
[Site "Campobasso ITA"]
[Date "2011.07.22"]
[Round "1"]
[White "Chicco, Giancarlo"]
[Black "Petruccioli, Antonio"]
[Result "0-1"]
[WhiteElo "1457"]
[BlackElo "2104"]
[PlyCount "112"]
[EventDate "2011.07.22"]

1. b3 e5 2. Bb2 Nc6 3. g3 d5 4. Bg2 Nf6 5. e3 Bg4 6. Ne2 Be7 7. d3 O-O 8. Nd2
Qd7 9. O-O Bh3 10. a3 Rad8 11. b4 a6 12. f3 Bxg2 13. Kxg2 Ne8 14. e4 f5 15. h3
Nf6 16. Nc3 f4 17. g4 Nd4 18. Nxd5 Nxd5 19. exd5 Qxd5 20. Bxd4 Qxd4 21. Ne4 Bh4
22. Qe2 Rfe8 23. Rfb1 b6 24. Ra2 Re6 25. a4 Be7 26. b5 a5 27. Qf2 Qd5 28. Rb3
Rh6 29. Ra1 Bh4 30. Qg1 Rg6 31. Ra2 Kf7 32. Rab2 h5 33. Kf1 hxg4 34. hxg4 Rh8
35. c4 Qd8 36. Rh2 Be7 37. Rxh8 Qxh8 38. Rb1 Rh6 39. Ke2 Rh2+ 40. Nf2 Bc5 41.
Rf1 g5 42. Ke1 Bxf2+ 43. Qxf2 Rxf2 44. Rxf2 Qf8 45. Ra2 Qb4+ 46. Ke2 Qb3 47.
Rd2 Qxa4 48. d4 Qxc4+ 49. Ke1 exd4 50. Re2 d3 51. Re4 Qc3+ 52. Kf2 d2 53. Ke2
Qc2 54. Kf1 d1=Q+ 55. Re1 Qxf3+ 56. Kg1 Qcg2# 0-1

[Event "XVIII Festival A"]
[Site "Campobasso ITA"]
[Date "2011.07.24"]
[Round "1"]
[White "Collutiis, Duilio"]
[Black "Distaso, Antonio"]
[Result "1-0"]
[WhiteElo "2468"]
[BlackElo "2022"]
[PlyCount "63"]
[EventDate "2011.07.22"]

1. g3 d5 2. Bg2 Nf6 3. Nf3 Nbd7 4. c4 e6 5. O-O Be7 6. b3 O-O 7. Bb2 b6 8. e3
Bb7 9. Qe2 c5 10. Rd1 Qc7 11. Nc3 Rac8 12. cxd5 Nxd5 13. Nxd5 Bxd5 14. e4 Bc6
15. d4 Nf6 16. Ne5 Bb7 17. d5 exd5 18. exd5 Rcd8 19. Nc6 Bxc6 20. dxc6 Rfe8 21.
Rxd8 Bxd8 22. Qd3 Qe7 23. Bc3 Bc7 24. Bf3 Rd8 25. Qa6 Bb8 26. Re1 Qd6 27. Kg2
Qc7 28. Be5 Qc8 29. Qxc8 Rxc8 30. Bxb8 Rxb8 31. c7 Rc8 32. Rd1 1-0

[Event "XVIII Festival A"]
[Site "Campobasso ITA"]
[Date "2011.07.22"]
[Round "1"]
[White "D'Aquino, Ugo"]
[Black "Stromboli, Ettore"]
[Result "0-1"]
[WhiteElo "1925"]
[BlackElo "2304"]
[PlyCount "62"]
[EventDate "2011.07.22"]

1. e4 e6 2. d3 d5 3. Nd2 Nf6 4. Ngf3 b6 5. e5 Nfd7 6. g3 Bb7 7. Bg2 c5 8. c3
Nc6 9. d4 cxd4 10. cxd4 Rc8 11. a3 Ba6 12. Qa4 Bd3 13. Qb3 Bg6 14. O-O Be7 15.
Qd1 Na5 16. b4 Nc4 17. Re1 O-O 18. Ra2 Rc7 19. Nxc4 Rxc4 20. Bf1 Rc7 21. Bd3
Rxc1 22. Qxc1 Bxd3 23. Nd2 b5 24. Qc3 Bc4 25. Rc2 Nb6 26. Qe3 Qa8 27. h4 a5 28.
h5 axb4 29. axb4 Bxb4 30. h6 g6 31. Qg5 Qd8 0-1

[Event "XVIII Festival A"]
[Site "Campobasso ITA"]
[Date "2011.07.22"]
[Round "1"]
[White "Di Meo, Antonio"]
[Black "Mrdja, Milan"]
[Result "0-1"]
[WhiteElo "1978"]
[BlackElo "2389"]
[PlyCount "59"]
[EventDate "2011.07.22"]

1. b3 e5 2. Bb2 Nc6 3. e3 Nf6 4. c4 Be7 5. d3 O-O 6. Nf3 Bb4+ 7. Nbd2 Re8 8.
Be2 d5 9. a3 Bxd2+ 10. Qxd2 Bg4 11. O-O dxc4 12. bxc4 e4 13. Nd4 Ne5 14. f3
exf3 15. Bxf3 Bxf3 16. gxf3 c5 17. Nf5 Qxd3 18. Qxd3 Nxd3 19. Bc3 Re6 20. e4 g6
21. Ne3 Nh5 22. Nd5 Rc8 23. Ra2 f5 24. exf5 gxf5 25. Rg2+ Kf7 26. Kh1 h6 27.
Rfg1 Ne5 28. Re1 Nxc4 29. Rxe6 Kxe6 30. Rg6+ 0-1

[Event "XVIII Festival A"]
[Site "Campobasso ITA"]
[Date "2011.07.22"]
[Round "1"]
[White "Di Muccio, Lindoro"]
[Black "Ionescu, Doru-Alexandru"]
[Result "0-1"]
[WhiteElo "1964"]
[BlackElo "2376"]
[PlyCount "66"]
[EventDate "2011.07.22"]

1. d4 Nf6 2. c4 g6 3. Nc3 Bg7 4. e4 O-O 5. Nf3 d6 6. Be2 e5 7. d5 c5 8. O-O Nh5
9. Ne1 Nf4 10. Bg4 f5 11. Bf3 Nd7 12. Nd3 Nxd3 13. Qxd3 Nf6 14. Bg5 a6 15. a4
Bd7 16. g3 Qb6 17. Rfb1 Rf7 18. a5 Qc7 19. b4 cxb4 20. Bxf6 Bxf6 21. Rxb4 Raf8
22. Rab1 Bc8 23. Na4 Qxa5 24. Nb6 fxe4 25. Bxe4 Bh3 26. Na4 Bd8 27. f3 b5 28.
cxb5 axb5 29. Qxb5 Qa7+ 30. Kh1 Qf2 31. Rg1 Rxf3 32. Rbb1 Re3 33. Qb4 Re2 0-1

[Event "XVIII Festival A"]
[Site "Campobasso ITA"]
[Date "2011.07.22"]
[Round "1"]
[White "Dragojlovic, Andjelko"]
[Black "Santeramo, Domenico"]
[Result "1-0"]
[WhiteElo "2380"]
[BlackElo "1967"]
[PlyCount "101"]
[EventDate "2011.07.22"]

1. Nf3 d5 2. g3 b6 3. Bg2 Bb7 4. O-O Nd7 5. c4 e6 6. d4 Ngf6 7. Nc3 Be7 8. cxd5
exd5 9. Ne5 O-O 10. Qa4 Nxe5 11. dxe5 Ne4 12. Nxe4 dxe4 13. Bxe4 Bxe4 14. Qxe4
Qd7 15. Be3 Rad8 16. Qb7 c5 17. Qxd7 Rxd7 18. Rad1 Rfd8 19. Rxd7 Rxd7 20. Rc1
Kf8 21. f4 Rd5 22. Kf2 Ke8 23. Kf3 Kd7 24. Ke4 Kc6 25. g4 a6 26. h4 b5 27. g5
Rd8 28. h5 g6 29. f5 a5 30. Rf1 Rf8 31. Rd1 gxf5+ 32. Kxf5 Rg8 33. e6 fxe6+ 34.
Kxe6 Bxg5 35. Rd6+ Kc7 36. Bxg5 Rxg5 37. Rd5 Rg2 38. Rxc5+ Kb6 39. Re5 Rf2 40.
Kd5 Rf7 41. Re6+ Kc7 42. h6 Rf5+ 43. Re5 Rf7 44. Kc5 b4 45. Rg5 Rf2 46. Rg7+
Kb8 47. Rxh7 Rxe2 48. Rg7 Rh2 49. h7 Rh5+ 50. Kb6 Rh6+ 51. Kxa5 1-0

[Event "XVIII Festival A"]
[Site "Campobasso ITA"]
[Date "2011.07.22"]
[Round "1"]
[White "Gaponenko, Inna"]
[Black "Grasso, Nino"]
[Result "1-0"]
[WhiteElo "2442"]
[BlackElo "1987"]
[PlyCount "127"]
[EventDate "2011.07.22"]

1. e4 e5 2. Nf3 Nc6 3. Bb5 a6 4. Bxc6 dxc6 5. O-O Bg4 6. h3 h5 7. d3 Qf6 8.
Nbd2 Ne7 9. Nc4 Ng6 10. hxg4 hxg4 11. Bg5 Qe6 12. Nh2 b5 13. Nd2 g3 14. fxg3
Bc5+ 15. Kh1 f6 16. Bh4 Ne7 17. Qg4 Qxg4 18. Nxg4 O-O-O 19. Nb3 Bb6 20. Kh2 g5
21. Kh3 Ng6 22. Rxf6 Rdg8 23. Rxg6 Rxg6 24. Nxe5 Rg7 25. Rf1 gxh4 26. gxh4 a5
27. c3 c5 28. Rf5 b4 29. g4 a4 30. Nd2 a3 31. bxa3 bxc3 32. Ndc4 Kb7 33. Rf1 c6
34. Nxb6 Kxb6 35. Rc1 Rf8 36. Kg3 c4 37. Rxc3 cxd3 38. Rxc6+ Kb5 39. Rd6 Re8
40. Rd5+ Kb6 41. Nxd3 Rxe4 42. g5 Kc6 43. Rf5 Rh7 44. Ne5+ Kd6 45. Nf3 Ra4 46.
g6 Rg7 47. h5 Rxa3 48. Rf6+ Ke7 49. Rb6 Ra8 50. Kg4 Kf8 51. Kg5 Kg8 52. Ne5 Rc7
53. h6 Rc5 54. Kf6 Rf8+ 55. Nf7 Rh5 56. h7+ Rxh7 57. gxh7+ Kxh7 58. Rb7 Kg8 59.
Ra7 Rb8 60. Ng5 Rb6+ 61. Ne6 Rb8 62. a4 Rc8 63. a5 Rb8 64. Rd7 1-0

[Event "XVIII Festival A"]
[Site "Campobasso ITA"]
[Date "2011.07.24"]
[Round "1"]
[White "Gatti, Francesco"]
[Black "Ficco, Corrado"]
[Result "1-0"]
[WhiteElo "1790"]
[BlackElo "2127"]
[PlyCount "93"]
[EventDate "2011.07.22"]

1. e4 c5 2. Nf3 e6 3. d4 cxd4 4. Nxd4 Nf6 5. Nc3 Nc6 6. Nxc6 bxc6 7. e5 Nd5 8.
Nxd5 cxd5 9. Bd3 d6 10. Bf4 Rb8 11. Qc1 Qa5+ 12. c3 Qc7 13. exd6 Bxd6 14. Bxd6
Qxd6 15. O-O O-O 16. Qc2 g6 17. Qe2 e5 18. Rfd1 Qf6 19. Rd2 e4 20. Bb5 Qg5 21.
h4 Qe5 22. Ba4 Be6 23. Rd4 f5 24. Rad1 f4 25. Bc6 f3 26. gxf3 Rxf3 27. Bxd5
Rbf8 28. Rxe4 Qxd5 29. Rxd5 Bxd5 30. Re8 Bxa2 31. Rxf8+ Rxf8 32. Qa6 Bd5 33.
Qxa7 Bf3 34. b4 h5 35. b5 g5 36. b6 Rf7 37. Qa4 gxh4 38. Qxh4 Kh7 39. c4 Rg7+
40. Kh2 Rg2+ 41. Kh3 Kg6 42. Qd4 Rg4 43. Qd6+ Kg5 44. Qe5+ Kg6 45. Qe6+ Kg5 46.
Qe7+ Kg6 47. b7 1-0

[Event "XVIII Festival A"]
[Site "Campobasso ITA"]
[Date "2011.07.22"]
[Round "1"]
[White "Gromovs, Sergejs"]
[Black "Borino, Paolo"]
[Result "1-0"]
[WhiteElo "2303"]
[BlackElo "1917"]
[PlyCount "61"]
[EventDate "2011.07.22"]

1. e4 d6 2. d4 Nf6 3. Nc3 c6 4. Bg5 Nbd7 5. f4 Qa5 6. Qd2 e5 7. Nf3 Be7 8. Bd3
O-O 9. O-O-O Qc7 10. g4 b5 11. Bxf6 Bxf6 12. g5 Be7 13. f5 exd4 14. Nxd4 b4 15.
Nce2 c5 16. f6 Bxf6 17. gxf6 Nxf6 18. Rhg1 g6 19. Qf4 Ne8 20. Nb5 Qc6 21. Bc4
Be6 22. Nxd6 Bxc4 23. Nxc4 Qa4 24. b3 Qxa2 25. Qe5 Rc8 26. Nf4 Nc7 27. Nh5 f6
28. Nxf6+ Rxf6 29. Qxf6 Rf8 30. Rxg6+ hxg6 31. Qxg6+ 1-0

[Event "XVIII Festival A"]
[Site "Campobasso ITA"]
[Date "2011.07.24"]
[Round "1"]
[White "Ikonnikov, Vyacheslav"]
[Black "Galasso, Luigi"]
[Result "1-0"]
[WhiteElo "2553"]
[BlackElo "2030"]
[PlyCount "103"]
[EventDate "2011.07.22"]

1. d4 Nf6 2. Nf3 d6 3. c4 g6 4. Nc3 Bg7 5. e4 O-O 6. Be2 e5 7. d5 Nbd7 8. Bg5
h6 9. Bh4 g5 10. Bg3 Nh5 11. Nd2 Nf4 12. O-O a5 13. Bg4 Nc5 14. f3 Ncd3 15. Rb1
h5 16. Bxc8 Rxc8 17. Nb3 c6 18. Bxf4 Nxf4 19. g3 Ng6 20. Qd3 Qc7 21. Rfd1 Rfd8
22. Nd2 Qd7 23. Nf1 Qh3 24. Ne3 h4 25. Qf1 Qxf1+ 26. Kxf1 hxg3 27. hxg3 Ne7 28.
Ke2 Bf6 29. Rd2 c5 30. Kd3 Kg7 31. Nb5 Rd7 32. Rh2 Rh8 33. Rxh8 Kxh8 34. Rh1+
Kg7 35. Kc2 Kg6 36. Kb3 Nc8 37. Nf5 Bg7 38. Rc1 Bf8 39. Ka4 b6 40. Rh1 Bg7 41.
g4 Rd8 42. a3 Rd7 43. b4 axb4 44. axb4 Rd8 45. Kb3 Kf6 46. Ra1 Bf8 47. Ra8 Be7
48. Ka4 Rf8 49. Nc3 Rd8 50. Kb5 Re8 51. bxc5 dxc5 52. Kc6 1-0

[Event "XVIII Festival A"]
[Site "Campobasso ITA"]
[Date "2011.07.22"]
[Round "1"]
[White "Kizov, Atanas"]
[Black "Di Lascio, Savino"]
[Result "1-0"]
[WhiteElo "2393"]
[BlackElo "1982"]
[PlyCount "81"]
[EventDate "2011.07.22"]

1. d4 Nf6 2. c4 c5 3. d5 b5 4. cxb5 a6 5. bxa6 g6 6. Nc3 d6 7. g3 Bg7 8. Bg2
Nbd7 9. Nf3 O-O 10. O-O Rxa6 11. Qc2 Bb7 12. Rd1 Qa8 13. Nh4 Rc8 14. Rb1 Kf8
15. Bg5 Nb6 16. e4 Nbd7 17. Qd2 c4 18. Bh6 e6 19. Bxg7+ Kxg7 20. dxe6 fxe6 21.
Qd4 Nc5 22. Qxc4 Ncxe4 23. Qxe6 Re8 24. Qc4 Re7 25. Nxe4 Nxe4 26. Qd4+ Kh6 27.
Qe3+ Kg7 28. f3 Ra4 29. fxe4 Bxe4 30. a3 Qb7 31. Qc3+ Kh6 32. Bxe4 Rexe4 33.
Qd2+ Kg7 34. Nf3 Qb3 35. Qf2 Re3 36. Nd4 Rxd4 37. Rxd4 Rf3 38. Rb4 Qf7 39. Qd4+
Kh6 40. Qd2+ Kg7 41. Rf4 1-0

[Event "XVIII Festival A"]
[Site "Campobasso ITA"]
[Date "2011.07.24"]
[Round "1"]
[White "Lattanzio, Savino"]
[Black "Kunin, Vitaly"]
[Result "0-1"]
[WhiteElo "2061"]
[BlackElo "2562"]
[PlyCount "106"]
[EventDate "2011.07.22"]

1. e4 c5 2. c3 d5 3. exd5 Qxd5 4. d4 e6 5. Nf3 Nf6 6. Bd3 cxd4 7. cxd4 Nc6 8.
O-O Be7 9. Nc3 Qd6 10. Bg5 O-O 11. Qd2 Rd8 12. Bxf6 Bxf6 13. Ne4 Qe7 14. Nxf6+
Qxf6 15. Rfd1 Bd7 16. Rac1 Rac8 17. Qe3 Nb4 18. Ne5 Nxd3 19. Rxc8 Bxc8 20. Rxd3
Qe7 21. Rc3 f6 22. Nf3 Qd6 23. h4 Bd7 24. d5 e5 25. Qxa7 Qxd5 26. Qc5 Qxc5 27.
Rxc5 Bc6 28. Ne1 Rd2 29. Rc2 Rd1 30. Re2 Bb5 31. Re3 Rd2 32. Rb3 Bc4 33. Rb4
Bxa2 34. b3 Bb1 35. Kf1 Rd7 36. Ke2 Kf7 37. Rb6 Ke7 38. f3 h5 39. Ke3 Kd8 40.
Rb4 Bf5 41. g3 Kc7 42. Nc2 Rd6 43. Na3 Rb6 44. Rc4+ Kd6 45. Rc3 Be6 46. Nc4+
Bxc4 47. bxc4 Kc5 48. Ke4 g6 49. g4 Rd6 50. gxh5 Rd4+ 51. Ke3 gxh5 52. Rb3 b6
53. Rb5+ Kc6 0-1

[Event "XVIII Festival A"]
[Site "Campobasso ITA"]
[Date "2011.07.24"]
[Round "1"]
[White "Ljubisavljevic, Zivojin Z."]
[Black "Colucci, Stefano"]
[Result "1-0"]
[WhiteElo "2214"]
[BlackElo "1903"]
[PlyCount "89"]
[EventDate "2011.07.22"]

1. d4 Nf6 2. Bg5 d5 3. Bxf6 exf6 4. e3 Be7 5. c4 O-O 6. Nc3 dxc4 7. Bxc4 c6 8.
Nf3 Nd7 9. Qc2 Re8 10. O-O Nf8 11. h3 Be6 12. Ne2 Qb6 13. a4 Qb4 14. b3 Rac8
15. Nf4 b5 16. Bxe6 fxe6 17. Nd3 Qd6 18. Nc5 Nd7 19. b4 Rc7 20. Qb3 Nxc5 21.
dxc5 Qd5 22. Qxd5 cxd5 23. Nd4 bxa4 24. Nxe6 Rc6 25. Nf4 a5 26. bxa5 Rxc5 27.
Rxa4 Bd6 28. g3 g5 29. Ne2 Be5 30. Nd4 Ra8 31. a6 Bxd4 32. exd4 Rc7 33. Rb1
Rca7 34. Rb6 Kf7 35. Kg2 Kg6 36. Kf3 h5 37. h4 gxh4 38. gxh4 Kf5 39. Rd6 Rb8
40. Rxd5+ Kg6 41. Rd6 Rb3+ 42. Kg2 Kf5 43. Ra5+ Ke4 44. Rxf6 Kxd4 45. Rxh5 1-0

[Event "XVIII Festival A"]
[Site "Campobasso ITA"]
[Date "2011.07.22"]
[Round "1"]
[White "Marmili, Giulio"]
[Black "Della Rocca, Giuseppe"]
[Result "1-0"]
[WhiteElo "2165"]
[BlackElo "1866"]
[PlyCount "85"]
[EventDate "2011.07.22"]

1. Nf3 Nf6 2. g3 g6 3. Bg2 Bg7 4. O-O O-O 5. d3 c5 6. c4 Nc6 7. Nc3 d6 8. Rb1
Bd7 9. a3 a5 10. Ne1 e6 11. Nc2 a4 12. Ne3 Na5 13. Nxa4 Nxc4 14. dxc4 Bxa4 15.
b3 Bc6 16. Qc2 Qc7 17. Rd1 Rfd8 18. Bb2 Bxg2 19. Nxg2 d5 20. cxd5 exd5 21. a4
Rac8 22. e3 c4 23. Bd4 Ne4 24. bxc4 Qxc4 25. Qb2 Bxd4 26. Rxd4 Qc3 27. Nf4 Qxb2
28. Rxb2 Nc3 29. Kg2 g5 30. Nh5 Ne4 31. f3 Nc5 32. Nf6+ Kg7 33. Nxd5 Nxa4 34.
Rxb7 Rc2+ 35. Kh3 h5 36. Ne7 Rxd4 37. Nf5+ Kf6 38. Nxd4 g4+ 39. fxg4 hxg4+ 40.
Kxg4 Rxh2 41. Rc7 Rh6 42. Rc6+ Kg7 43. Nf5+ 1-0

[Event "XVIII Festival A"]
[Site "Campobasso ITA"]
[Date "2011.07.22"]
[Round "1"]
[White "Molinari, Carlo"]
[Black "Mirzoev, Azer"]
[Result "0-1"]
[WhiteElo "1987"]
[BlackElo "2415"]
[PlyCount "82"]
[EventDate "2011.07.22"]

1. d4 Nf6 2. c4 e6 3. Nf3 c5 4. g3 cxd4 5. Nxd4 Qc7 6. b3 a6 7. Bg2 Bb4+ 8. Bd2
Bc5 9. e3 Nc6 10. Nc2 Be7 11. Nc3 b6 12. O-O Bb7 13. e4 O-O 14. Qe2 d6 15. Be3
Rac8 16. Rac1 Nb8 17. Nd4 Nbd7 18. f4 Nc5 19. Bd2 Rfe8 20. b4 Ncd7 21. Nd1 Bf8
22. Nf2 Qb8 23. Nf3 Qa8 24. Rfe1 h6 25. Bc3 e5 26. f5 b5 27. Nd2 bxc4 28. Nxc4
d5 29. Na5 Rxc3 30. Rxc3 Bxb4 31. Nxb7 Bxc3 32. Rb1 Rb8 33. Qc2 Bd4 34. Qc6 Qa7
35. exd5 Bxf2+ 36. Kh1 e4 37. Bf1 Qd4 38. Nd6 Rxb1 39. Qc8+ Nf8 40. Kg2 e3 41.
Bc4 Rg1+ 0-1

[Event "XVIII Festival A"]
[Site "Campobasso ITA"]
[Date "2011.07.22"]
[Round "1"]
[White "Pescatore, Lorenzo"]
[Black "Quarto, Silvano"]
[Result "1/2-1/2"]
[WhiteElo "2121"]
[BlackElo "1731"]
[PlyCount "106"]
[EventDate "2011.07.22"]

1. e4 c5 2. Nc3 Nc6 3. f4 e6 4. Nf3 Nge7 5. Bb5 a6 6. Bxc6 Nxc6 7. O-O Be7 8.
d3 O-O 9. Qe1 d5 10. e5 f6 11. Qg3 Qe8 12. a3 Bd7 13. Ne2 Rc8 14. c3 Qg6 15.
Qxg6 hxg6 16. Be3 Nd8 17. Rac1 b6 18. g4 Kf7 19. Kg2 Nb7 20. b4 Bb5 21. Rfd1
Rfd8 22. Kf2 a5 23. bxa5 Nxa5 24. Rb1 Ba4 25. Rd2 b5 26. Rdb2 Nc6 27. Ra2 Rd7
28. d4 c4 29. exf6 gxf6 30. g5 Bb3 31. Raa1 Ra8 32. gxf6 Bxf6 33. Nc1 Na5 34.
Ne5+ Bxe5 35. fxe5 Rb7 36. Rb2 Bd1 37. Ke1 Nb3 38. Rab1 Nxc1 39. Bxc1 Bb3 40.
Rf2+ Kg7 41. Kf1 Rf7 42. Rxf7+ Kxf7 43. Rb2 Kg7 44. Rf2 Ra7 45. Rf6 Rf7 46.
Bh6+ Kg8 47. Ke2 Rxf6 48. exf6 Kf7 49. Bg5 Ba2 50. Ke3 Bb3 51. Kf4 Bc2 52. Ke5
Bb3 53. Kd6 Bc2 1/2-1/2

[Event "XVIII Festival A"]
[Site "Campobasso ITA"]
[Date "2011.07.22"]
[Round "1"]
[White "Stromboli, Carlo"]
[Black "Doronzo, Michele"]
[Result "1-0"]
[WhiteElo "2304"]
[BlackElo "1952"]
[PlyCount "99"]
[EventDate "2011.07.22"]

1. e4 c6 2. d4 d5 3. Nc3 dxe4 4. Nxe4 Bf5 5. Ng3 Bg6 6. h4 h5 7. Nh3 e5 8. dxe5
Qa5+ 9. c3 Qxe5+ 10. Be2 Nf6 11. Qb3 Qc7 12. Nf4 Nbd7 13. Nxg6 fxg6 14. Qc2
O-O-O 15. Qxg6 Kb8 16. Be3 Ne5 17. Qf5 Nd5 18. Bd4 Re8 19. O-O-O g6 20. Bxe5
Qxe5 21. Qxe5+ Rxe5 22. Bf3 Bh6+ 23. Kc2 Rhe8 24. c4 Nf4 25. Rd7 Ne6 26. Rhd1
Bf4 27. Ne4 Nc5 28. Rf7 Nxe4 29. Rxf4 Nxf2 30. Rd7 R5e7 31. Rxe7 Rxe7 32. Bxh5
gxh5 33. Rxf2 Re4 34. g3 Rxc4+ 35. Kd3 Rg4 36. Rf3 Kc7 37. Ke3 Rb4 38. b3 Rb5
39. Ke4 Ra5 40. a4 Rd5 41. Rf5 Rxf5 42. Kxf5 b5 43. g4 hxg4 44. Kxg4 Kd7 45.
axb5 cxb5 46. h5 Ke7 47. b4 a5 48. h6 Kf7 49. h7 Kg7 50. bxa5 1-0

[Event "XVIII Festival A"]
[Site "Campobasso ITA"]
[Date "2011.07.22"]
[Round "1"]
[White "Valsecchi, Alessio"]
[Black "Bottega, Antonio"]
[Result "1-0"]
[WhiteElo "2354"]
[BlackElo "1959"]
[PlyCount "59"]
[EventDate "2011.07.22"]

1. e4 c5 2. Nf3 d6 3. d4 cxd4 4. Nxd4 Nf6 5. Nc3 a6 6. Bc4 b5 7. Bb3 Bb7 8. O-O
Nbd7 9. Bg5 Nc5 10. Bxf6 gxf6 11. Qh5 Nxb3 12. axb3 Qc8 13. Nd5 Rb8 14. Rac1
Rg8 15. Ne6 Bxd5 16. exd5 Rg6 17. Qxh7 Rxg2+ 18. Kxg2 fxe6 19. Qg6+ Kd7 20.
dxe6+ Kxe6 21. Rfe1+ Kd7 22. Qg4+ Kd8 23. Qxc8+ Rxc8 24. c3 Bh6 25. Ra1 Rc6 26.
Re6 Bf4 27. Re4 Bh6 28. Rh4 Bg5 29. Rh8+ Kc7 30. h4 1-0

[Event "XVIII Festival A"]
[Site "Campobasso ITA"]
[Date "2011.07.22"]
[Round "1"]
[White "Vespe, Francesco"]
[Black "Lazarev, Vladimir"]
[Result "0-1"]
[WhiteElo "2012"]
[BlackElo "2445"]
[PlyCount "108"]
[EventDate "2011.07.22"]

1. d4 Nf6 2. c4 e6 3. Nc3 Bb4 4. Qc2 d6 5. Nf3 Nbd7 6. Bd2 b6 7. g3 Bb7 8. Bg2
O-O 9. O-O a5 10. b3 Re8 11. a3 Bxc3 12. Bxc3 Be4 13. Qb2 c5 14. Rfd1 Qc7 15.
Rac1 a4 16. b4 cxb4 17. Bxb4 Rec8 18. Ne1 Bxg2 19. Nxg2 Qb8 20. Ne3 Qc7 21. Qd2
Ne8 22. Ng4 Qb7 23. Qf4 b5 24. c5 d5 25. Qg5 Nb8 26. Qe3 Ra6 27. Ne5 f6 28. Nd3
Qd7 29. c6 Raxc6 30. Nc5 Qf7 31. Qd3 Nd6 32. Rb1 Nc4 33. Be1 Rb6 34. Rb4 Nc6
35. Rbb1 Rcb8 36. Bb4 Nxb4 37. Rxb4 Qe7 38. Rdb1 e5 39. e3 e4 40. Qc3 f5 41.
Qc1 g5 42. h3 h6 43. Qd1 Nxa3 44. Nxa4 Nxb1 45. Nxb6 Qxb4 46. Nd7 Rc8 47. Qh5
Qd6 48. Ne5 Qe6 49. Ng6 Kg7 50. Ne5 Nd2 51. Qe2 Nc4 52. g4 fxg4 53. Nxg4 Ra8
54. Kg2 Qf5 0-1

[Event "XVIII Festival A"]
[Site "Campobasso ITA"]
[Date "2011.07.22"]
[Round "2"]
[White "Borino, Paolo"]
[Black "Molinari, Carlo"]
[Result "1-0"]
[WhiteElo "1917"]
[BlackElo "1987"]
[PlyCount "81"]
[EventDate "2011.07.22"]

1. f4 e6 2. Nf3 d5 3. e3 Nf6 4. b3 Be7 5. Bb2 Nbd7 6. Nc3 O-O 7. Be2 b6 8. O-O
Bb7 9. Qe1 Ne4 10. Nd1 f5 11. Nd4 Rf6 12. d3 Nd6 13. Nf2 c5 14. Nf3 Rg6 15. Nh3
Nf7 16. Ne5 Ndxe5 17. fxe5 d4 18. Nf4 Bh4 19. g3 Ng5 20. Bh5 Rh6 21. Qd1 g6 22.
Bf3 Nxf3+ 23. Rxf3 Qg5 24. exd4 cxd4 25. Nxe6 Qg4 26. Nxd4 Rd8 27. Rf4 Qh3 28.
Qf1 Qxf1+ 29. Raxf1 Bg5 30. Ne6 Bxf4 31. Rxf4 Re8 32. Ng5 Rh5 33. Nf3 Bxf3 34.
Rxf3 Kf7 35. d4 b5 36. d5 b4 37. c4 bxc3 38. Bxc3 Rc8 39. e6+ Ke8 40. d6 Rc6
41. d7+ 1-0

[Event "XVIII Festival A"]
[Site "Campobasso ITA"]
[Date "2011.07.22"]
[Round "2"]
[White "Bottega, Antonio"]
[Black "Capozzi, Virgilio"]
[Result "1/2-1/2"]
[WhiteElo "1959"]
[BlackElo "2029"]
[PlyCount "81"]
[EventDate "2011.07.22"]

1. e4 d5 2. exd5 Qxd5 3. Nc3 Qd6 4. Bc4 Nf6 5. h3 a6 6. Nf3 b5 7. Bb3 Bb7 8. d3
e6 9. O-O Be7 10. Bg5 Nbd7 11. a3 O-O 12. Qe2 c5 13. Rad1 Rfe8 14. Ne4 Qc7 15.
Bxf6 Nxf6 16. Neg5 Bd5 17. Bxd5 Nxd5 18. Rfe1 Bf6 19. c3 g6 20. Ne4 Bg7 21. g3
e5 22. c4 Nf6 23. Nxf6+ Bxf6 24. cxb5 axb5 25. Rc1 Rac8 26. Rc2 Re6 27. Nd2 Be7
28. Ne4 Qb6 29. Qe3 c4 30. dxc4 Rxc4 31. Rxc4 bxc4 32. Qxb6 Rxb6 33. Re2 Rc6
34. Rc2 f5 35. Nc3 Kf7 36. Kf1 Ke6 37. Ke2 Bc5 38. Nd1 Kd5 39. Nc3+ Kd6 40. Nd1
Kd5 41. Nc3+ 1/2-1/2

[Event "XVIII Festival A"]
[Site "Campobasso ITA"]
[Date "2011.07.22"]
[Round "2"]
[White "Colucci, Stefano"]
[Black "Di Meo, Antonio"]
[Result "1/2-1/2"]
[WhiteElo "1903"]
[BlackElo "1978"]
[PlyCount "72"]
[EventDate "2011.07.22"]

1. d4 d6 2. c4 g6 3. Nc3 Bg7 4. e4 c6 5. Be3 Nd7 6. Bd3 Ngf6 7. f3 O-O 8. Nge2
a6 9. Qd2 b5 10. cxb5 axb5 11. b4 Nb6 12. O-O Be6 13. Bh6 Bc4 14. Bxg7 Kxg7 15.
Bc2 Qc7 16. a4 bxa4 17. Nxa4 Nfd7 18. Nac3 f6 19. Rfc1 Bf7 20. Bd3 Qb7 21. b5
cxb5 22. Nxb5 Rxa1 23. Rxa1 Ra8 24. Rxa8 Qxa8 25. d5 Nc5 26. Ned4 Qa4 27. Bc2
Qa2 28. Qc3 Be8 29. Nc7 Bd7 30. Kf2 Qc4 31. Qxc4 Nxc4 32. Ke2 Kf7 33. Bb3 Na5
34. Ba2 Nab7 35. Ke3 Nd8 36. f4 Ndb7 1/2-1/2

[Event "XVIII Festival A"]
[Site "Campobasso ITA"]
[Date "2011.07.22"]
[Round "2"]
[White "Della Rocca, Giuseppe"]
[Black "Di Muccio, Lindoro"]
[Result "0-1"]
[WhiteElo "1866"]
[BlackElo "1964"]
[PlyCount "86"]
[EventDate "2011.07.22"]

1. c4 b6 2. Nc3 c5 3. Nf3 Bb7 4. e3 Nf6 5. Be2 e6 6. O-O Be7 7. d3 O-O 8. Qc2
Nc6 9. a3 a6 10. b3 Qc7 11. h3 Rad8 12. Bb2 h6 13. Rfe1 Nh7 14. d4 cxd4 15.
exd4 Nf6 16. Rad1 d5 17. Bd3 dxc4 18. bxc4 Na5 19. Ne5 Bd6 20. Nb1 Nd7 21. Ng4
Rc8 22. Qe2 Bf4 23. g3 Bxg3 24. Nxh6+ gxh6 25. Qg4+ Kh8 26. fxg3 Rg8 27. d5+ f6
28. Qh4 Qxg3+ 29. Qxg3 Rxg3+ 30. Kh2 Rcg8 31. Be4 e5 32. Nd2 Nc5 33. Bf5 Nd3
34. Bxd3 Rxd3 35. Ne4 Rb3 36. Ba1 Bc8 37. Nc3 Nxc4 38. d6 Bd7 39. Re4 b5 40.
Rh4 Rg6 41. Ne4 Re3 42. Nc5 Re2+ 43. Kh1 Bc6+ 0-1